000 00339 a2200157 4500
001 15754
020 _a9788574125510
040 _cAnchieta - Bela Vista
100 _aAlexander, Kwame
240 1 0 _aOlha a onda!
_lpor
245 1 0 _aOlha a onda!
300 _a29
362 0 _a2017
650 4 _aLiteratura infanto-juvenil
942 _cBK
999 _c15754
_d15754